Countering Al Queda : an appreciation of the situation and suggestions for strategy /

Bibliographic Details
Main Author: Jenkins, Brian Michael
Corporate Author: Rand Corporation
Format: Book
Language:English
Published: Santa Monica, CA : RAND, 2002.
Subjects:

MARC

Tag First Indicator Second Indicator Subfields
LEADER 00000cam a2200000 a 4500
001 in00001703613
005 20151024162518.0
008 020808s2002 cau b 000 0 eng
010 |a  2002012737 
020 |a 083303264X (pbk.) 
035 |a (OCoLC)ocm50441667 
040 |a DLC  |c DLC  |d XLM  |d AFQ  |d TXA  |d UtOrBLW 
042 |a pcc 
043 |a n-us--- 
049 |a TXAM 
050 0 0 |a HV6432.7  |b .J46 2002 
082 0 0 |a 363.3/2/0973  |2 21 
100 1 |a Jenkins, Brian Michael. 
245 1 0 |a Countering Al Queda :  |b an appreciation of the situation and suggestions for strategy /  |c Brian Michael Jenkins. 
264 1 |a Santa Monica, CA :  |b RAND,  |c 2002. 
300 |a xi, 30 pages ;  |c 23 cm. 
336 |a text  |b txt  |2 rdacontent 
337 |a unmediated  |b n  |2 rdamedia 
338 |a volume  |b nc  |2 rdacarrier 
504 |a Includes bibliographical references. 
500 |a "MR-1620-RC"--P. [4] of cover. 
650 0 |a War on Terrorism, 2001-2009. 
610 2 0 |a Qaida (Organization) 
650 0 |a Terrorism. 
651 0 |a United States  |x Military policy. 
650 0 |a Terrorism  |x Government policy  |z United States. 
710 2 |a Rand Corporation. 
994 |a E0  |b TXA 
948 |a cataloged  |b h  |c 2002/10/15  |d c  |e blrosas  |f 3:14:07 pm 
999 |a MARS 
999 f f |s 40deeb1c-b113-3d39-9df5-b8135b7f864d  |i 728056c9-8773-351e-8ed8-bb9ead95ef0b  |t 0 
952 f f |p ric  |a Texas A&M University  |b Rellis Campus  |c Joint Library Facility  |d Remote Storage  |t 0  |e HV6432.7 .J46 2002  |h Library of Congress classification  |i unmediated -- volume  |m A14829164878 
998 f f |a HV6432.7 .J46 2002  |t 0  |l Remote Storage